000 00422nam a2200181Ia 4500
001 19659
005 20260306172709.0
008 260306t2005||||xx |||||||||||||| ||spa||
041 _aESP
082 _a340.92
_bO83
100 _aOsterling, Felipe
_eAUT
245 0 _aPáginas del viejo armario
260 _c2005
300 _a522 páginas :
_c24 cm.
650 _aGEN
654 _aCDE
942 _cLIB
_dJUS
_fJUS
_2ddc
_n
999 _c19659
_d19659